000 00859nam a22002177a 4500
999 _c20706
_d20706
003 AR-CdUCM
008 190604b ||||| |||| 00| 0 spa d
040 _aMUNICIPALIDAD PROVINCIAL DEL CUSCO
_cBIBLIOTECA MUNICIPAL DEL CUSCO
082 _a372 /
_bR44
100 _aRetamozo Correa, Laura
_943248
245 _aManual de capacitación en salud y alimentación para periodos de emergencias; bajas temperaturas /
260 _aLima :
_bAusangate,
_c2005.
300 _a60 páginas ;
_c20 cm.
505 _aContenido: Cuidando nuestra salud -- Cuidando nuestra alimentación.
650 _aCapacitación en salud
_943249
650 _aSalud infantil
_928437
650 _aBajas temperaturas
_943250
700 _aPerander, Laura - UNICEF y Cisneros, Ramón -PMA (revisión), Narvaez, Elías (ilustraciones)
_943251
942 _2ddc
_cLIBROS
945 _aAndy